Science Quiz

Random Science or Animal Quiz

9-Letter Animals by Image Quiz Stats

 Plays Quiz Updated Mar 18, 2020

Support Sporcle.
Go Orange.
Score 0/20 Timer 05:00
0 Plays Today
Answer % Correct
Polar Bear
99.3%
Crocodile
95.3%
Alligator
93.2%
Armadillo
90.8%
Porcupine
90.5%
Tarantula
88.4%
Chameleon
87.8%
Orangutan
87.7%
Swordfish
86.1%
Bald Eagle
85.8%
Answer % Correct
Bumblebee
81.7%
Guinea Pig
73.8%
King Cobra
71.6%
Groundhog
62.2%
Albatross
45.4%
Wolverine
36.6%
Sand Piper
28%
Cassowary
26.4%
Springbok
20.1%
Bandicoot
6.5%

You're not logged in!

Compare scores with friends on all Sporcle quizzes.
OR
Log In

From the Vault

Disney Princess Before and After

by LisaSimpsonOH

Royalty throughout history is more like "hippity hoppity give me my property." Except the property was somebody else's.
Remove Ads.
Support Sporcle.
Get the best of Sporcle when you Go Orange. This ad-free experience offers more features, more stats, and more fun while also helping to support Sporcle. Thank you for becoming a member.

Show Comments

Extras

Top Quizzes Today


Score Distribution

Your Account Isn't Verified!

In order to create a playlist on Sporcle, you need to verify the email address you used during registration. Go to your Sporcle Settings to finish the process.

Report this User

Report this user for behavior that violates our Community Guidelines.

Details: